<?xml version="1.0" encoding="UTF-8"?>
<record
    xmlns:xsi="http://www.w3.org/2001/XMLSchema-instance"
    xsi:schemaLocation="http://www.loc.gov/MARC21/slim http://www.loc.gov/standards/marcxml/schema/MARC21slim.xsd"
    xmlns="http://www.loc.gov/MARC21/slim">

  <leader>01448nam a22003017a 4500</leader>
  <controlfield tag="001">9391</controlfield>
  <controlfield tag="003">FISKH</controlfield>
  <controlfield tag="005">20251218114811.0</controlfield>
  <controlfield tag="008">251218b        cb ||||| |||| 00| 0 eng d</controlfield>
  <datafield tag="020" ind1=" " ind2=" ">
    <subfield code="a">9789995001483</subfield>
  </datafield>
  <datafield tag="040" ind1=" " ind2=" ">
    <subfield code="a">FISKH</subfield>
    <subfield code="b">khr</subfield>
    <subfield code="c">FISKH</subfield>
    <subfield code="d">FISKH</subfield>
  </datafield>
  <datafield tag="082" ind1=" " ind2=" ">
    <subfield code="a">895.93</subfield>
  </datafield>
  <datafield tag="100" ind1=" " ind2=" ">
    <subfield code="a">Sakal , Ngoun</subfield>
  </datafield>
  <datafield tag="245" ind1=" " ind2=" ">
    <subfield code="a">&#x1780;&#x17C6;&#x179A;&#x1784;&#x179A;&#x17BF;&#x1784;&#x1793;&#x17B7;&#x1791;&#x17B6;&#x1793;&#x17A2;&#x1794;&#x17CB;&#x179A;&#x17C6;&#x179F;&#x1798;&#x17D2;&#x179A;&#x17B6;&#x1794;&#x17CB;&#x1780;&#x17BB;&#x1798;&#x17B6;&#x179A;&#x200B; &#x17E7; /</subfield>
    <subfield code="c">&#x17A2;&#x17D2;&#x1793;&#x1780;&#x1793;&#x17B7;&#x1796;&#x1793;&#x17D2;&#x1792; &#x17A2;&#x17D2;&#x1793;&#x1780;&#x179F;&#x17D2;&#x179A;&#x17B8; &#x1784;&#x17BD;&#x1793; &#x179F;&#x17B6;&#x1780;&#x179B; , &#x17A2;&#x17D2;&#x1793;&#x1780;&#x179A;&#x17C0;&#x1794;&#x179A;&#x17C0;&#x1784; &#x179B;&#x17C4;&#x1780; &#x17A2;&#x17CA;&#x17B6;&#x1793; &#x1797;&#x17B6;&#x1784; , &#x17A2;&#x17D2;&#x1793;&#x1780;&#x179A;&#x1785;&#x1793;&#x17B6;&#x1791;&#x17C6;&#x1796;&#x17D0;&#x179A; &#x179B;&#x17C4;&#x1780; &#x17A0;&#x17CA;&#x17BB;&#x1799; &#x179C;&#x178E;&#x17D2;&#x178E;&#x1790;&#x17C1;&#x1793;</subfield>
  </datafield>
  <datafield tag="250" ind1=" " ind2=" ">
    <subfield code="a">&#x1794;&#x17C4;&#x17C7;&#x1796;&#x17BB;&#x1798;&#x17D2;&#x1796;&#x179B;&#x17BE;&#x1780;&#x1791;&#x17B8;&#x17E1; &#x1786;&#x17D2;&#x1793;&#x17B6;&#x17C6; &#x17E2;&#x17E0;&#x17E1;&#x17E2;</subfield>
  </datafield>
  <datafield tag="260" ind1=" " ind2=" ">
    <subfield code="a">&#x1797;&#x17D2;&#x1793;&#x17C6;&#x1796;&#x17C1;&#x1789; :</subfield>
    <subfield code="b">&#x1782;&#x17D2;&#x179A;&#x17B9;&#x17C7;&#x179F;&#x17D2;&#x1790;&#x17B6;&#x1793;&#x1794;&#x17C4;&#x17C7;&#x1796;&#x17BB;&#x1798;&#x17D2;&#x1796;&#x1793;&#x17B7;&#x1784;&#x1785;&#x17C2;&#x1780;&#x1795;&#x17D2;&#x179F;&#x17B6;&#x1799; ,</subfield>
    <subfield code="c">2012 . </subfield>
  </datafield>
  <datafield tag="300" ind1=" " ind2=" ">
    <subfield code="a">16 pages : </subfield>
    <subfield code="b">color illustrations ; </subfield>
    <subfield code="c">17 X 18 cm . </subfield>
  </datafield>
  <datafield tag="505" ind1=" " ind2=" ">
    <subfield code="a">N 
</subfield>
  </datafield>
  <datafield tag="520" ind1=" " ind2=" ">
    <subfield code="a">&#x179A;&#x17BF;&#x1784; &#x1790;&#x1784;&#x17CB;&#x1785;&#x1798;&#x17D2;&#x179B;&#x17C2;&#x1780; &#x1793;&#x17B7;&#x1784; &#x179A;&#x17BF;&#x1784; &#x1784;&#x1784;&#x17BB;&#x1799;&#x178A;&#x17C1;&#x1780; </subfield>
  </datafield>
  <datafield tag="520" ind1=" " ind2=" ">
    <subfield code="a">Strange plastic and sleepy </subfield>
  </datafield>
  <datafield tag="521" ind1="8" ind2=" ">
    <subfield code="a">580 
</subfield>
    <subfield code="b">Lexile estimate 
</subfield>
  </datafield>
  <datafield tag="521" ind1="8" ind2=" ">
    <subfield code="a">N 
</subfield>
    <subfield code="b">Raz-Plus 
</subfield>
  </datafield>
  <datafield tag="650" ind1=" " ind2=" ">
    <subfield code="a">&#x1790;&#x1784;&#x17CB;&#x1785;&#x1798;&#x17D2;&#x179B;&#x17C2;&#x1780; ,&#x200B; &#x1784;&#x1784;&#x17BB;&#x1799;&#x178A;&#x17C1;&#x1780;&#x200B;</subfield>
    <subfield code="v">&#x179A;&#x17BF;&#x1784;&#x1793;&#x17B7;&#x1791;&#x17B6;&#x1793;&#x1780;&#x17BB;&#x1798;&#x17B6;&#x179A;&#x200B;</subfield>
  </datafield>
  <datafield tag="650" ind1=" " ind2=" ">
    <subfield code="a">Strange plastic , sleepy</subfield>
    <subfield code="v">Children's Stories </subfield>
  </datafield>
  <datafield tag="700" ind1=" " ind2=" ">
    <subfield code="a">Visal , Seng</subfield>
    <subfield code="e">Illustrator </subfield>
  </datafield>
  <datafield tag="942" ind1=" " ind2=" ">
    <subfield code="2">ddc</subfield>
    <subfield code="c">KHB</subfield>
    <subfield code="n">0</subfield>
  </datafield>
  <datafield tag="999" ind1=" " ind2=" ">
    <subfield code="c">9391</subfield>
    <subfield code="d">9391</subfield>
  </datafield>
  <datafield tag="952" ind1=" " ind2=" ">
    <subfield code="0">0</subfield>
    <subfield code="1">0</subfield>
    <subfield code="2">ddc</subfield>
    <subfield code="4">0</subfield>
    <subfield code="7">0</subfield>
    <subfield code="8">KH</subfield>
    <subfield code="a">002</subfield>
    <subfield code="b">002</subfield>
    <subfield code="c">TTP Khmer</subfield>
    <subfield code="d">2025-12-18</subfield>
    <subfield code="l">0</subfield>
    <subfield code="o">SAK 895.93</subfield>
    <subfield code="p">FIS01232</subfield>
    <subfield code="r">2025-12-18 11:48:00</subfield>
    <subfield code="t">1</subfield>
    <subfield code="w">2025-12-18</subfield>
    <subfield code="y">KHB</subfield>
  </datafield>
  <datafield tag="952" ind1=" " ind2=" ">
    <subfield code="0">0</subfield>
    <subfield code="1">0</subfield>
    <subfield code="2">ddc</subfield>
    <subfield code="4">0</subfield>
    <subfield code="7">0</subfield>
    <subfield code="8">KH</subfield>
    <subfield code="a">002</subfield>
    <subfield code="b">002</subfield>
    <subfield code="c">TTP Khmer</subfield>
    <subfield code="d">2026-01-06</subfield>
    <subfield code="l">0</subfield>
    <subfield code="o">SAK 895.93</subfield>
    <subfield code="p">FIS02547</subfield>
    <subfield code="r">2026-01-06 16:00:15</subfield>
    <subfield code="t">2</subfield>
    <subfield code="w">2026-01-06</subfield>
    <subfield code="y">KHB</subfield>
  </datafield>
</record>
